00528 a2200145 4500001000700000003000400007005001700011008004100028082001800069245007300087260004500160300001000205653014500215700002200360068767OSt20220319130729.0  a338.954bG91G1 aGrowth and human development in North East Indiacedited by P. Nayak aNew DelhibOxford University Pressc2010 a349p. aIndia, Northeastern; Quality of life; Social indicators; Economic indicators; Poverty; Social change; Economic development; Economic history aNayak, P.eEditor